000 00588nam a22002177a 4500
003 UA-OsUOA
001 54528
007 ta
008 20080623b un ||||| |||| 00| 0 ukr d
100 _aРешетилова О.
090 _a908
_bР-12
942 _cSA
040 _aUA-OsUOA
_bukr
_cUA-OsUOA
_dUA-OsUOA
245 _aПро "правильні пропорції світу"/Про "Острозьку академію"
300 _aС.22-23
955 _a0
041 _aukr
080 _a908
773 0 _w54526
650 7 _a908 Краєзнавство
_2UDC
999 _c340502
_d340502